|
|
|
|
| LEADER |
00726cam a2200193 7i4500 |
| 001 |
0000004093 |
| 005 |
20170218090000.0 |
| 020 |
|
|
|a 047082056X (hbk.)
|
| 090 |
0 |
0 |
|a HC79.H53
|b W47 2002
|
| 100 |
1 |
|
|a Westland, Chris
|
| 245 |
1 |
0 |
|a Valuing technology :
|b the new science of wealth in the knowledge economy
|c Chris Westland.
|
| 260 |
|
|
|a Singapore:
|b John Wiley,
|c 2002.
|
| 300 |
|
|
|a viii, 239 p.:
|b ill.;
|c 24 cm.
|
| 504 |
|
|
|a Includes bibliographical references and index
|
| 650 |
0 |
0 |
|a High technology industries --
|x Finance
|
| 650 |
0 |
0 |
|a Investment analysis
|
| 997 |
|
|
|a Business & Accountancy, Faculty
|
| 999 |
|
|
|a 0000003848
|b BOK
|c OPEN SHELF
|e 1st Floor, Bestari Jaya
|
| 999 |
|
|
|a 0000008886
|b BOK
|c OPEN SHELF
|e 1st Floor, Shah Alam
|